000 00614nam a2200181 4500
008 160630b xxu||||| |||| 00| 0 eng d
020 _a978-0-07-329618-0
082 _22008
_aDC 190
_bSt9s
100 _910752
_aStumpf, Samuel Enoch
245 _aSocrates to Sartre and beyond:
_ba history of philosophy/
_cSamuel Enoch Stumpf.
250 _a8th Edition
260 _aBoston:
_bMcGraw-Hill,
_cc2008.
300 _axxi, 468 pages;
_c24 cm.
500 _aIncludes bibliographical references and index.
650 0 _910753
_aPhilosophy
_vHistory
700 _910754
_aFieser, James
_eAuthor
942 _2ddc
_cDC
999 _c3215
_d3215